India: provisional population totals (Record no. 481875)

000 -LEADER
fixed length control field 00419cam a22001217a 4500
008 - FIXED-LENGTH DATA ELEMENTS--GENERAL INFORMATION
fixed length control field 180718bn.d. xxu||||| |||| 00| 0 eng d
082 ## - DEWEY DECIMAL CLASSIFICATION NUMBER
Classification number A81x54 In2/81/1/Pap1/1981
100 ## - MAIN ENTRY--PERSONAL NAME
Personal name Census of India 1981
245 ## - TITLE STATEMENT
Title India: provisional population totals
260 ## - PUBLICATION, DISTRIBUTION, ETC.
Place of publication, distribution, etc. New Delhi
Name of publisher, distributor, etc. Registrar General and Census Commissioner for India
Date of publication, distribution, etc. n.d.
300 ## - PHYSICAL DESCRIPTION
Extent 65+p.
440 ## - SERIES STATEMENT/ADDED ENTRY--TITLE
Title Census of India 1981. Series-1, India. Paper 1 of 1981
Holdings
Withdrawn status Lost status Damaged status Not for loan Permanent Location Current Location Date acquired Full call number Barcode Date last seen Price effective from Koha item type
        Indian Institute of Public Administration Indian Institute of Public Administration 2018-08-04 A81x54 In2/81/1/Pap1/1981 GG18869 2018-08-04 2018-08-04 GG
        Indian Institute of Public Administration Indian Institute of Public Administration 2018-08-04 A81x54 In2/81/1/Pap1/1981 GG18749 2018-08-04 2018-08-04 GG

Powered by Koha